R H Ackland (VO) v Mrs E Shillinglaw; R H Ackland (VO) v Mrs E Shillingham; R H Ackland (VO) v O W Franklin (Record no. 60132)

MARC details
000 -LEADER
fixed length control field 00677cam a2200181 4500
001 - CONTROL NUMBER
control field T100520
008 - FIXED-LENGTH DATA ELEMENTS--GENERAL INFORMATION
fixed length control field 000000n1957 000 0 eng u
035 ## - SYSTEM CONTROL NUMBER
System control number (Sirsi) u100520
110 ## - MAIN ENTRY--CORPORATE NAME
Corporate name or jurisdiction name as entry element England and Wales
Subordinate unit Lands Tribunal
9 (RLIN) 1252
245 ## - TITLE STATEMENT
Title R H Ackland (VO) v Mrs E Shillinglaw; R H Ackland (VO) v Mrs E Shillingham; R H Ackland (VO) v O W Franklin
260 ## - PUBLICATION, DISTRIBUTION, ETC.
Date of publication, distribution, etc. 1957
520 ## - SUMMARY, ETC.
Summary, etc. LVC/1257-1259/1957. 18 Dec 1957. Reported in (1957) R&IT 94. Stored in off site storage. Please ask library for further details
650 ## - SUBJECT ADDED ENTRY--TOPICAL TERM
Topical term or geographic name entry element ACKLAND V SHILLINGLAW
650 ## - SUBJECT ADDED ENTRY--TOPICAL TERM
Topical term or geographic name entry element ACKLAND V FRANKLIN
650 ## - SUBJECT ADDED ENTRY--TOPICAL TERM
Topical term or geographic name entry element RATING APPEALS
690 ## - LOCAL SUBJECT ADDED ENTRY--TOPICAL TERM (OCLC, RLIN)
Topical term or geographic name as entry element RATING AND VALUATION-CASE LAW
942 ## - ADDED ENTRY ELEMENTS (KOHA)
Suppress in OPAC 0
Holdings
Withdrawn status Lost status Source of classification or shelving scheme Damaged status Not for loan Home library Current library Shelving location Date acquired Total Checkouts Full call number Barcode Date last seen Copy number Price effective from Koha item type
    Dewey Decimal Classification     London London BCIS/BMI publications 18/10/1999   ARCHIVE 30059528 06/08/2019 1 06/08/2019 Archive